<?xml version="1.0" encoding="UTF-8"?>
<record
    xmlns:xsi="http://www.w3.org/2001/XMLSchema-instance"
    xsi:schemaLocation="http://www.loc.gov/MARC21/slim http://www.loc.gov/standards/marcxml/schema/MARC21slim.xsd"
    xmlns="http://www.loc.gov/MARC21/slim">

  <leader>01234nam a22002177a 4500</leader>
  <datafield tag="999" ind1=" " ind2=" ">
    <subfield code="c">8572</subfield>
    <subfield code="d">8572</subfield>
  </datafield>
  <controlfield tag="001">22676</controlfield>
  <controlfield tag="003">BD-DhUAP</controlfield>
  <controlfield tag="005">20250420093243.0</controlfield>
  <controlfield tag="008">250417b20152024bg p|||| |||| 001 0 ben d</controlfield>
  <datafield tag="020" ind1=" " ind2=" ">
    <subfield code="a">9789849245889</subfield>
  </datafield>
  <datafield tag="040" ind1=" " ind2=" ">
    <subfield code="a">BD-DhUAP</subfield>
    <subfield code="b">&#x9AC;&#x9BE;&#x982;&#x9B2;&#x9BE;</subfield>
    <subfield code="c">BD-DhUAP</subfield>
    <subfield code="d">BD-DhUAP</subfield>
  </datafield>
  <datafield tag="082" ind1=" " ind2=" ">
    <subfield code="2">23</subfield>
    <subfield code="a">343.052 ROU</subfield>
  </datafield>
  <datafield tag="100" ind1=" " ind2=" ">
    <subfield code="a">&#x9B0;&#x989;&#x9AB;, &#x9A1;. &#x9AE;&#x9CB;&#x983; &#x986;&#x9AC;&#x9CD;&#x9A6;&#x9C1;&#x9B0;&#x964;</subfield>
  </datafield>
  <datafield tag="245" ind1=" " ind2=" ">
    <subfield code="a">&#x9B8;&#x9B9;&#x99C; &#x9AD;&#x9BE;&#x9B7;&#x9BE;&#x9AF;&#x9BC; &#x9A8;&#x9A4;&#x9C1;&#x9A8; &#x9AD;&#x9CD;&#x9AF;&#x9BE;&#x99F; &#x986;&#x987;&#x9A8;(&#x9AA;&#x9CD;&#x9B0;&#x9A5;&#x9AE; &#x996;&#x9A3;&#x9CD;&#x9A1;):</subfield>
    <subfield code="b">&#x9AE;&#x9C2;&#x9B2;&#x9CD;&#x9AF; &#x9B8;&#x982;&#x9AF;&#x9CB;&#x99C;&#x9A8; &#x995;&#x9B0; &#x9AC;&#x9CD;&#x9AF;&#x9AC;&#x9B8;&#x9CD;&#x9A5;&#x9BE;&#x9B0; &#x9A4;&#x9BE;&#x9A4;&#x9CD;&#x9A4;&#x9CD;&#x9AC;&#x9BF;&#x995; &#x9AD;&#x9BF;&#x9A4;&#x9CD;&#x9A4;&#x9BF; &#x993; &#x9AA;&#x99F;&#x9AD;&#x9C2;&#x9AE;&#x9BF; &#x9A8;&#x9A4;&#x9C1;&#x9A8; &#x9AD;&#x9CD;&#x9AF;&#x9BE;&#x99F; &#x986;&#x987;&#x9A8; &#x9AA;&#x9CD;&#x9B0;&#x9A3;&#x9AF;&#x9BC;&#x9A8; ,&#x9AE;&#x9C2;&#x9B2;&#x9CD;&#x9AF; &#x9B8;&#x982;&#x9AF;&#x9CB;&#x99C;&#x9A8; &#x995;&#x9B0; &#x993; &#x9B8;&#x9AE;&#x9CD;&#x9AA;&#x9C2;&#x9B0;&#x995; &#x9B6;&#x9C1;&#x9B2;&#x9CD;&#x995; &#x986;&#x987;&#x9A8;,&#x9E8;&#x9E6;&#x9E7;&#x9E8;&#x9B8;&#x9AE;&#x9CD;&#x9AA;&#x9C2;&#x9B0;&#x995; &#x9B6;&#x9C1;&#x9B2;&#x9CD;&#x995;&#x9AC;&#x9BF;&#x9A7;&#x9BF;&#x9AE;&#x9BE;&#x9B2;&#x9BE;,&#x9E8;&#x9E6;&#x9E7;&#x9EC; /</subfield>
    <subfield code="c"> &#x9A1;. &#x9AE;&#x9CB;&#x983; &#x986;&#x9AC;&#x9CD;&#x9A6;&#x9C1;&#x9B0; &#x9B0;&#x989;&#x9AB;&#x964;</subfield>
  </datafield>
  <datafield tag="250" ind1=" " ind2=" ">
    <subfield code="a">&#x9A8;&#x9AC;&#x9AE; &#x9B8;&#x982;&#x9B8;&#x9CD;&#x995;&#x9B0;&#x9A3; .</subfield>
  </datafield>
  <datafield tag="260" ind1=" " ind2=" ">
    <subfield code="a">&#x9A2;&#x9BE;&#x995;&#x9BE; :</subfield>
    <subfield code="b">&#x9B2;&#x9BF;&#x99F;&#x9A8; &#x9AA;&#x9BE;&#x9AC;&#x9B2;&#x9BF;&#x995;&#x9C7;&#x9B6;&#x9A8;&#x9CD;&#x9B8;,</subfield>
    <subfield code="c">&#x9E8;&#x9E6;&#x9E8;&#x9EA;&#x964;</subfield>
  </datafield>
  <datafield tag="300" ind1=" " ind2=" ">
    <subfield code="a">&#x9EE;&#x9EC;&#x9EF; &#x9AA;&#x9C3;. ;</subfield>
    <subfield code="c">&#x9E8;&#x9E8; &#x9B8;&#x9C7;&#x9AE;&#x9BF;.&#x964;</subfield>
  </datafield>
  <datafield tag="650" ind1=" " ind2=" ">
    <subfield code="a">&#x9AD;&#x9CD;&#x9AF;&#x9BE;&#x99F; &#x986;&#x987;&#x9A8;&#x964;</subfield>
  </datafield>
  <datafield tag="650" ind1=" " ind2=" ">
    <subfield code="a">&#x9B6;&#x9C1;&#x9B2;&#x9CD;&#x995; &#x986;&#x987;&#x9A8;&#x964;</subfield>
  </datafield>
  <datafield tag="942" ind1=" " ind2=" ">
    <subfield code="2">ddc</subfield>
    <subfield code="c">BK</subfield>
  </datafield>
  <datafield tag="952" ind1=" " ind2=" ">
    <subfield code="0">0</subfield>
    <subfield code="1">0</subfield>
    <subfield code="2">ddc</subfield>
    <subfield code="4">0</subfield>
    <subfield code="7">0</subfield>
    <subfield code="a">UAPCL</subfield>
    <subfield code="b">UAPCL</subfield>
    <subfield code="c">General Stacks</subfield>
    <subfield code="d">2025-04-17</subfield>
    <subfield code="l">2</subfield>
    <subfield code="o">343.052 ROU V-1</subfield>
    <subfield code="p">3010022676</subfield>
    <subfield code="r">2025-10-09</subfield>
    <subfield code="s">2025-04-21</subfield>
    <subfield code="t">1</subfield>
    <subfield code="v">1150.00</subfield>
    <subfield code="w">2025-04-17</subfield>
    <subfield code="y">BK</subfield>
  </datafield>
  <datafield tag="952" ind1=" " ind2=" ">
    <subfield code="0">0</subfield>
    <subfield code="1">0</subfield>
    <subfield code="2">ddc</subfield>
    <subfield code="4">0</subfield>
    <subfield code="7">0</subfield>
    <subfield code="a">UAPCL</subfield>
    <subfield code="b">UAPCL</subfield>
    <subfield code="c">General Stacks</subfield>
    <subfield code="d">2025-10-13</subfield>
    <subfield code="o">343.052 ROU</subfield>
    <subfield code="p">3010022926</subfield>
    <subfield code="r">2025-10-13</subfield>
    <subfield code="t">2</subfield>
    <subfield code="v">21200.00</subfield>
    <subfield code="w">2025-10-13</subfield>
    <subfield code="y">BK</subfield>
  </datafield>
</record>
